| 000 | 00448cam a2200169ua 4500 | ||
|---|---|---|---|
| 003 | OSt | ||
| 008 | 240222b |||||||| |||| 00| 0 eng d | ||
| 020 | _a0 07 032210 4 | ||
| 041 | _aeng | ||
| 082 |
_a631.3 _bJAC/AG |
||
| 100 |
_aJacobs, Clinton O . _96088 |
||
| 245 | _aAgricultural power and machinery / | ||
| 260 |
_aNew York : _bMcGraw Hill Book Company , _c1982. |
||
| 300 | _a ; . | ||
| 700 | 1 |
_aHarrell, William R . _96089 |
|
| 942 | _cBK | ||
| 999 |
_c2964 _d2964 |
||